000 00620cam a22002173a 4500
001 36443
003 PGUSA
005 20140828083805.0
008 110616s2011||||xxu|||||s|||||000 | eng d
040 _aPGUSA
_beng
042 _adc
100 1 _aStrang, Herbert
245 1 0 _aKing of the Air :
_bOr, To Morocco on an Aeroplane
_h[electronic resource] /
_cHerbert Strang
260 _bProject Gutenberg,
_c2011
506 _aPublic domain in the USA.
516 _aElectronic text
700 1 _aWebster, W. E.
830 0 _aProject Gutenberg
_v36443
856 4 0 _uhttp://www.gutenberg.org/ebooks/36443
942 _cEB
999 _c265698
_d265698